Qori Hamanq´ay / (Record no. 11707)

000 -CABECERA
fixed length control field 00835nam a22002417a 4500
003 - IDENTIFICADOR DEL NÚMERO DE CONTROL
control field AR-CdUCM
008 - DATOS DE LONGITUD FIJA--INFORMACIÓN GENERAL
fixed length control field 190404b ||||| |||| 00| 0 spa d
040 ## - FUENTE DE LA CATALOGACIÓN
Agencia/entidad que catalogó originalmente la obra MUNICIPALIDAD PROVINCIAL DEL CUSCO
Entidad que transcribió la catalogación BIBLIOTECA MUNICIPAL DEL CUSCO
082 ## - NÚMERO DE LA CLASIFICACIÓN DECIMAL DEWEY
No. de Clasificación C / 869.56 /
Notacion interna AL39
100 ## - ENTRADA PRINCIPAL--NOMBRE DE PERSONA
Nombre Personal Alencastre Gutiérrez, Andrés
245 ## - MENCIÓN DE TÍTULO
Título Qori Hamanq´ay /
Mención de responsabilidad Kilko Waraka (seudónimo)
260 ## - PUBLICACIÓN, DISTRIBUCIÓN, ETC.
Lugar de publicación, distribución, etc. Cusco :
Nombre de la editorial, distribuidor, etc. Instituto Nacional de Cultura Región Cusco,
Fecha de publicación, distribución, etc. 1980.
300 ## - DESCRIPCIÓN FÍSICA
Nº de Páginas Extensión 43 páginas ;
Dimensiones 27 cm.
505 ## - NOTA DE CONTENIDO CON FORMATO
Nota de contenido formateada Contenido: Poemas.
650 ## - PUNTO DE ACCESO ADICIONAL DE MATERIA--TÉRMINO DE MATERIA
Descriptor Literatura Peruana
9 (RLIN) 132
650 ## - PUNTO DE ACCESO ADICIONAL DE MATERIA--TÉRMINO DE MATERIA
Descriptor Poemas Cusqueños
9 (RLIN) 17375
650 ## - PUNTO DE ACCESO ADICIONAL DE MATERIA--TÉRMINO DE MATERIA
Descriptor Siglo XX
9 (RLIN) 8
650 ## - PUNTO DE ACCESO ADICIONAL DE MATERIA--TÉRMINO DE MATERIA
Descriptor Poemas en Quechua
9 (RLIN) 5954
710 ## - PUNTO DE ACCESO ADICIONAL--NOMBRE DE ENTIDAD CORPORATIVA
Nombre corporativo (En letras Mayúsculas) Instituto Nacional de Cultura Región Cusco.
9 (RLIN) 29198
942 ## - ELEMENTOS DE PUNTO DE ACCESO ADICIONAL (KOHA)
Fuente de clasificación
Tipo de item Libros-BMC
945 ## - PROCESAMIENTO DE INFORMACIÓN LOCAL (OCLC)
Catalogador achl
AAAA-MM-DD - Fecha de ingreso o modificacion 2019-04-04
Holdings
Estado de retiro (separado) Fuente de clasificación o esquema de estanterías Estado dañado Ubicación Sala donde se ubica Nombre de la colección Fecha de adquisición o compra Costo, precio normal en soles Signatura topográfica Código de Barras Última vez visto (Koha) Tipo de ítem (Koha)
No     Sala Cusco Antiguo Sala Cusco Antiguo Book Cart 2019-04-04 50.00 C / 869.56 / AL39 SCA0001542 2019-04-04 Libros-BMC
No     Sala Cusco Antiguo Sala Cusco Antiguo Book Cart 2019-04-04 50.00 C / 869.56 / AL39 / e.2 SCA0001543 2019-04-04 Libros-BMC
No     Sala Cusco Antiguo Sala Cusco Antiguo Book Cart 2019-04-05 50.00 C / 869.56 / AL39 / e.3 SCA0001864 2019-04-05 Libros-BMC

Powered by Koha